00505cam a2200169 i 4500008004100000020002500041100002300066245006700089250001300156260004900169300004100218500002000259650002900279003000100308005001700309040000900326  a9781292088488 (pbk.)1 aMullins, Laurie J.10aManagement and organisational behaviour /cLaurie J. Mulllins. a11th ed. aHarlow, England :bPearson Education,c2016. axxviii, 649 p. :bcol ill. ;c27 cm. aIncludes index. 0aOrganizational behavior.20230123122244.0 cNUST